a study of the wildlife sources and utilization in the south region of tonle sap lake (សិក្សាប្រភព និង ការប្រើប្រាស់ធនធានសត្វព្រៃនៅភូមិភាគខាងត្បូងបឹងទន្លេសាប) (Record no. 3038)

000 -LEADER
fixed length control field 00655nam a22001577a 4500
003 - CONTROL NUMBER IDENTIFIER
control field OSt
005 - DATE AND TIME OF LATEST TRANSACTION
control field 20151103105342.0
008 - FIXED-LENGTH DATA ELEMENTS--GENERAL INFORMATION
fixed length control field 151103b xxu||||| |||| 00| 0 eng d
040 ## - CATALOGING SOURCE
Transcribing agency RUA
082 ## - DEWEY DECIMAL CLASSIFICATION NUMBER
Classification number FOR CHH 1996 B121 Or.1
100 ## - MAIN ENTRY--PERSONAL NAME
9 (RLIN) 3254
Personal name CHHENG, THAI.
245 ## - TITLE STATEMENT
Title a study of the wildlife sources and utilization in the south region of tonle sap lake (សិក្សាប្រភព និង ការប្រើប្រាស់ធនធានសត្វព្រៃនៅភូមិភាគខាងត្បូងបឹងទន្លេសាប)
260 ## - PUBLICATION, DISTRIBUTION, ETC. (IMPRINT)
Place of publication, distribution, etc. Phnom Penh
Name of publisher, distributor, etc. RUA
Date of publication, distribution, etc. 1996
300 ## - PHYSICAL DESCRIPTION
Extent 109p.
Other physical details ill.
Dimensions 29cm.
942 ## - ADDED ENTRY ELEMENTS (KOHA)
Source of classification or shelving scheme
Koha item type FOR
Holdings
Price effective from Date last seen Permanent Location Not for loan Date acquired Source of classification or shelving scheme Koha item type Barcode Lost status Damaged status Shelving location Withdrawn status Current Location Full call number
2015-11-032015-11-03Library Block B 2015-11-03 FORRUA028764  B121 Library Block BFOR CHH 1996 B121 Or.1
2015-11-032015-11-03Library Block B 2015-11-03 FORRUA028548  B121 Library Block BFOR CHH 1996 B121 Or.2
2015-11-032015-11-03Library Block B 2015-11-03 FORRUA028222  B121 Library Block BFOR CHH 1996 B121 Or.3
2015-11-032015-11-03Library Block B 2015-11-03 FORRUA028078  B121 Library Block BFOR CHH 1996 B121 Or.4
មជ្ឈមណ្ឌលឯការនៃសាកលវិទ្យាល័យភូមិន្ទកសិកម្មចំការដូង

Powered by Koha